Hādhihi safīnat al-mulk wa-nafīsat al-fulk /

Saved in:

Main Author: Shihāb al-Dīn Muḥammad ibn Ismāʻīl, 1795 or 1796-1857 or 1858 (Author)

Format: Book

Language: Arabic

Published: [Place of publication not identified : publisher not identified], 1893.

Subjects:

Tags: Add Tag

No Tags, Be the first to tag this record!

Call Number: ( RA )PJ7862 .H5 H3 1893

LEADER 01261nam a2200241Ia 4500
003 OSt
005 20240612085844.0
008 130303s1893 ua 000 0 ara d
952 |0 0  |1 0  |2 lcc  |4 0  |7 1  |9 29105  |a ARCE  |b ARCE  |d 2022-01-25  |l 0  |o ( RA )PJ7862 .H5 H3 1893  |p 1029088  |r 2022-01-25 00:00:00  |w 2022-01-25  |y BK 
999 |c 27325  |d 27325 
040 |c ARCE Library 
043 |a f-ua--- 
050 4 |a ( RA )PJ7862 .H5 H3 1893 
100 0 |6 880-01  |a Shihāb al-Dīn Muḥammad ibn Ismāʻīl,  |d 1795 or 1796-1857 or 1858,  |e author 
245 1 0 |6 880-02  |a Hādhihi safīnat al-mulk wa-nafīsat al-fulk /  |c taʼlīf Muḥammad ibn Ismāʻīl ibn ʻUmar Shihāb al-Dīn. 
264 1 |a [Place of publication not identified :  |b publisher not identified],  |c 1893. 
300 |a 496 pages ;   |c 24 cm. 
650 0 |a Folk literature, Arabic  |z Egypt. 
650 0 |a Folk songs  |z Egypt. 
880 0 |6 100-01/(3/r  |a شهاب الدين محمد بن إسماعيل،‪‪‪‪‪‪‪‪‪‪‪‪  |d 1975 أو 1796-1857 أو 1858.‪‪‪‪‪‪‪‪‪‪‪‪ 
880 1 0 |6 245-02/(3/r  |a هذه سفينة الملك و نفيسة الفلك   |c تأليف محمد بن اسماعيل بن عمر شهاب الدين.‪‪‪‪‪‪‪‪‪‪‪‪ 
901 |a reviewed 
942 |c BK  |2 lcc